[Event "Szeged m"]
[Site "Szeged"]
[Date "2015.08.16"]
[Round "3"]
[White "Li, Chao B"]
[Black "Leko, Peter"]
[Result "1-0"]
[WhiteElo "2748"]
[BlackElo "2714"]
[Annotator "Stohl,I"]
[PlyCount "85"]
[EventDate "2015.08.14"]
[EventType "match"]
[EventRounds "6"]
[EventCountry "HUN"]
[SourceTitle "CBM 168"]
[Source "ChessBase"]
[SourceDate "2015.09.14"]
[SourceVersion "1"]
[SourceVersionDate "2015.09.14"]
[SourceQuality "1"]

1. c4 c5 2. Nf3 Nf6 3. Nc3 Nc6 4. g3 d5 5. cxd5 Nxd5 6. Bg2 g6 ({Leko
specializes in this line, although in the past he played also the more common} 
6... Nc7 {An interesting idea in the reversed Maroczy is} 7. O-O e5 8. b3 Be7
9. Bb2 O-O 10. Rc1 f6 11. Ne1 $5 Bd7 12. Nd3 Rc8 13. f4 exf4 14. Nxf4 Kh8 $142
(14... Be8 $6 {A dubious manoeuvre...} 15. e3 Bf7 16. Qe2 Re8 17. Ne4 Nb4 18.
a3 Nba6 19. Nh5 $1 Nd5 20. g4 Rc6 21. g5 Bxh5 22. Qxh5 g6 23. Qf3 f5 24. Ng3
Nac7 25. Nxf5 $1 $18 {[%csl Rg8][%cal Ga1h8,Gf1f8] Aronian,L (2815)-Svidler,P 
(2753) Stavanger blitz 2014}) 15. e3 Ne6 16. Nfd5 Bd6 17. Ne4 Be5 18. Ba3 b6
19. b4 f5 20. Nec3 (20. Nf2 $142 $5) 20... cxb4 21. Nxb4 Bd6 22. Bxc6 Bxc6 23.
Nxc6 Rxc6 24. Bxd6 Qxd6 $11 {Damljanovic,B (2549)-Perunovic,M (2477) Herceg
Novi 2001}) 7. Ne4 $5 $146 {[%mdl 8] Nowadays a novelty at such an early stage
is a rarity in GM practice. The text move won't refute Black's system, but
poses problems, which aren't solved so easily without preparation. Let's check
the alternatives:} (7. h4 Bg7 8. h5 Bf5 9. Qb3 (9. h6 Bf6 $146 10. Ng5 Bxg5 11.
Nxd5 Be6 12. Nc3 Rc8 13. d3 Bxc1 14. Rxc1 b6 15. O-O O-O 16. Qd2 Nd4 17. Rfd1
Qd7 18. e3 Nf5 19. d4 Nxh6 20. d5 Bh3 21. e4 Kg7 22. e5 Qf5 23. Re1 Bxg2 24.
Kxg2 Ng4 25. Qe2 h5 $15 {Li ,C (2748)-Leko,P (2714) Szeged 2015}) (9. Nxd5 Qxd5
10. d3 Qd7 11. Qa4 Nb4 12. Qxd7+ Bxd7 13. Kf1 {Gupta,A (2625)-Abdumalik,Z 
(2379) Reykjavik 2015} Bc6 $11) 9... Ndb4 10. Kf1 Nc2 $5 (10... Be6 11. Qa4 Qa5
12. Qxa5 Nxa5 13. d3 (13. Ng5 Bd7 14. h6 Bd4 15. Rb1 f6 16. Nge4 f5 17. Nxc5
Bxc5 18. a3 Nd3 19. exd3 Nb3 20. Rh4 Bc6 21. Rc4 Bxg2+ 22. Kxg2 Kf7 23. Ne2
Rhd8 24. Rc3 Nd4 25. Rxc5 Nxe2 26. Re5 Nd4 27. b4 $132 {Nepomniachtchi,I (2702)
-Kramnik,V (2796) Nizhnij Novgorod 2013}) 13... Rc8 14. Bf4 b6 15. Bh3 Bxh3+
16. Rxh3 Nc2 17. Rc1 Nd4 18. Be5 Bxe5 19. Nxe5 g5 20. g4 f6 21. Nc4 Nac6 22. e3
Ne6 23. Ke2 Kf7 $11 {Vachier Lagrave,M (2742)-Svidler,P (2752) EU-chT Warsaw
2013}) 11. hxg6 (11. Ng5 $5 Ne5 12. Rb1 Nd4 13. Qxb7 Rb8 14. Qxa7 Bxb1 15. Nxb1
$13) 11... hxg6 12. Rxh8+ Bxh8 13. Rb1 Qb6 $1 14. d3 Qxb3 15. axb3 Rc8 16. Bf4
Be6 17. Nb5 Kd7 18. Rc1 N2b4 19. Ng5 b6 20. Nxe6 Kxe6 {[%csl Rb2,Rb3]} 21. Bd2
Bxb2 22. Rb1 a6 23. Rxb2 axb5 $17 {Vachier Lagrave,M (2768)-Leko,P (2734) EU
Cup Bilbao 2014}) (7. d4 {is too feeble:} Bg7 8. O-O Nxc3 9. bxc3 cxd4 10. Nxd4
Nxd4 11. cxd4 Qxd4 12. Rb1 O-O 13. Bf4 Be6 14. Rxb7 Bxa2 15. Rd7 Qxd1 16. Rfxd1
Rae8 17. Rxa7 Bc4 18. Rc1 Bxe2 19. Bc6 Rd8 20. Rxe7 Bg4 21. Kg2 Bf6 {1/2, Li ,
C (2748)-Leko,P (2714) Szeged 2015}) (7. O-O Bg7 8. Nxd5 (8. Qa4 {transposes
to 8.Qa4 below}) 8... Qxd5 9. d3 O-O 10. Be3 Bd7 {usually leads only to quick
simplification and equality:} 11. Nd4 Qd6 12. Nxc6 Bxc6 13. Bxc6 Qxc6 14. Rc1
Qa6 $5 (14... Qe6 15. Rxc5 Qxa2 16. Rb5 b6 17. Qa1 Qe6 $5 18. Qa4 Rfc8 19. Ra1
h5 20. h4 Qd7 21. Qb3 Qg4 22. Qd1 Qd7 23. Qb3 {½, Leko,P (2731)-Gelfand,B 
(2759) Sochi blitz 2014}) 15. Qb3 (15. Rxc5 b6 16. Rc4 Qxa2 17. Rb4 Rfc8 18.
Qa1 Qd5 19. Qa4 h5 20. Rc1 Rxc1+ 21. Bxc1 Rc8 22. Be3 Bf6 23. h4 Rc7 24. Kh2
Qc6 25. b3 Bc3 26. Qxc6 Rxc6 $11 27. Ra4 Rc7 {Radjabov,T (2788)-Ivanchuk,V 
(2769) Istanbul olm 2012}) 15... b6 16. Rc4 Rfd8 17. Rfc1 Rd7 18. a3 Rad8 19.
Rf4 Bf6 (19... e6 $11) 20. h4 Qb7 21. Rc2 {Nakamura,H (2802)-Caruana,F (2805)
Stavanger 2015} Qd5 $11) (7. Qa4 Bg7 8. Qc4 (8. O-O Nc7 9. d3 Bd7 10. Qh4 (10.
Qc4 Ne6 11. Ng5 Nxg5 12. Bxg5 b6 13. Rac1 h6 14. Be3 Rc8 15. Qa6 O-O 16. a3 Bg4
17. h3 Be6 18. Kh2 Qd7 19. Qa4 Nd4 20. Qxd7 Bxd7 21. Bxd4 Bxd4 22. Rc2 Rfd8 {
is pleasant for Black...} 23. Rfc1 $2 Bxf2 24. Nd5 Kf8 25. e3 Bc6 $17 {Wang,Y 
(2720)-Leko,P (2723) Beijing rpd 2014}) 10... h6 11. Be3 Ne6 (11... b6 12. d4
cxd4 13. Nxd4 Nxd4 14. Bxd4 e5 15. Be3 Qxh4 16. gxh4 Rd8 17. a4 O-O 18. a5 Nb5
19. axb6 axb6 20. Bxb6 Nxc3 21. bxc3 Rc8 22. Rfc1 Bb5 23. Bd5 Bxe2 24. c4 e4
$132 {Le Roux,J (2563)-Vachier Lagrave,M (2705) Villandry rpd 2012}) 12. Rac1
b6 13. Qe4 Rc8 14. a3 a5 15. Nd5 Ned4 16. Nxd4 Nxd4 17. Bxd4 Bxd4 18. b4 axb4
19. axb4 Bf5 20. Qf4 Be6 21. bxc5 Bxc5 22. d4 Bd6 23. Qe3 b5 24. Rxc8 Qxc8 25.
Rc1 Qb8 26. Nc3 b4 27. d5 Bf5 28. Ne4 Bxe4 29. Bxe4 h5 $11 {Wang Yue (2720)
-Leko,P (2723) Beijing blitz 2014}) (8. Ng5 e6 9. Nge4 Nb6 10. Qb5 c4 {has
reappeared lately, but will probably fall back into oblivion soon:} 11. b3 (11.
Na4 $6 O-O $1 12. Nxb6 axb6 13. Qxc4 e5 $32 {is too greedy:} 14. Qc2 ({More
resilient, but still unattractive is} 14. d3 $142 Be6 15. Bg5 Bxc4 16. Bxd8
Rfxd8 17. dxc4 f5 18. Nc3 e4 $36) 14... Be6 (14... Nd4 15. Qb1 f5 16. Nc3 e4
17. d3 b5 18. Be3 b4 19. Nd1 Re8 20. dxe4 fxe4 21. Bxd4 Qxd4 22. a3 Bg4 23. Qc2
Qd3 $1 $17 {Tatai,S (2480)-Karpov,A (2690) Las Palmas 1977}) 15. Nc3 b5 $1 {
[%cal Rb5b3]} 16. Bxc6 (16. Nxb5 Nb4 17. Qd1 Bd5 18. f3 Qb6 19. Nc3 Bxa2 $17 {
[%csl Re1][%cal Ra2b3]}) 16... bxc6 17. b3 Bf5 18. d3 e4 $1 19. dxe4 Bxe4 20.
Nxe4 Bxa1 21. O-O Re8 22. f3 Bd4+ $19 {So,W (2779)-Vachier Lagrave,M (2731)
Saint Louis 2015}) 11... O-O 12. bxc4 Nd4 $6 ({The engine immediately
recommends an improvement} 12... f5 $142 $1 13. Nc5 a6 14. Qb3 Nd4 15. Qb1 Qc7
16. Nb3 Nxc4 17. O-O Rd8 $36) 13. Qb1 Nxc4 14. O-O f5 15. Nc5 Qb6 16. Nb3 Nc6
17. Qd3 N4e5 18. Qb5 Rd8 19. Rb1 Qc7 20. Qa4 a6 21. Bb2 Ra7 22. Rfc1 Qe7 23.
Ba3 Qe8 24. Bc5 b5 {Petrosian,A (2490)-Lau,R (2530) Lippstadt 1993} 25. Qf4 $14
) 8... Nxc3 ({Probably even more accurate is} 8... Ndb4 9. O-O Qa5 {/\} 10. a3
Be6 11. Qb5 Qxb5 12. Nxb5 Na6 13. d3 h6 $11) 9. dxc3 Qb6 10. O-O O-O 11. Qh4
Re8 (11... Rd8 $5) 12. Rb1 Ne5 13. Nxe5 Bxe5 14. b4 cxb4 15. Be3 Qa6 16. Qxb4
Rb8 17. Qc5 Bf6 18. Qxa7 Qxa7 19. Bxa7 Ra8 20. Bd4 Rxa2 21. e3 e5 22. Bc5 Be7
$11 {Uhlmann,W (2530)-Smejkal,J (2560) Trencianske Teplice 1979}) (7. Qb3 e6 8.
O-O Bg7 9. d3 O-O 10. Bg5 ({Po} 10. Qb5 Qe7 11. Bg5 f6 12. Bd2 Nc7 13. Qc4 b6
14. a3 Bd7 15. Rab1 Na5 16. Qa2 Nc6 17. Bf4 Rfc8 18. Bxc7 Rxc7 19. d4 Rd8 20.
dxc5 Qxc5 21. Rbc1 Qe7 22. e3 Rcc8 23. h4 Be8 $11 {[%csl Ge8,Gg7] /=/+,
Vitiugov,N (2735)-Bok,B (2572) Caleta 2015}) 10... Qd7 11. Rac1 b6 12. Rfe1 Bb7
13. Qa4 h6 14. Bd2 Rad8 15. a3 Nxc3 16. Bxc3 Nd4 17. Qxd7 Nxf3+ 18. Bxf3 Rxd7
19. Bxb7 Rxb7 20. b4 Bxc3 21. Rxc3 cxb4 22. axb4 a5 23. Ra1 axb4 24. Rb3 Rc8
25. Ra2 Rbc7 26. Rxb4 Rc2 27. Rxc2 Rxc2 28. Kf1 Rc6 $11 {Alekseev,E (2661)
-Sutovsky,E (2629) Poikovsky 2007}) 7... Qb6 {A solid move, but certainly not
the only one:} (7... b6 8. d4 {seemingly forces} Bf5 $1 (8... cxd4 9. Nxd4 Bb7
10. Nxc6 Bxc6 11. Qd4 $36) 9. Qa4 $5 Qd7 10. dxc5 b5 (10... Ndb4 $2 11. Ne5 $1
$16) 11. Qc2 Bg7 12. O-O O-O $44 {Komodo claims Black's piece-play gives him
sufficient compensation.}) (7... e6 8. d4 cxd4 9. Nxd4 Bg7 (9... Bb4+ 10. Kf1
$14 {[%cal Yg2f3,Yf1g2] and while White may castle artificially, the Bb4 can
be missed on the kingside.}) 10. Nxc6 bxc6 11. O-O O-O $132) ({Finally, Black
also has the radical} 7... c4 {, e.g.} 8. Qc2 f5 9. Nc3 Bg7 10. O-O O-O 11. d3
$5 cxd3 12. exd3 $13) 8. O-O Bg7 9. Qc2 Bf5 {Natural development.} (9... Nd4
$143 10. Nxd4 cxd4 11. Nc5 {[%cal Gg2a8] /\} Bf5 12. Qa4+ Kf8 13. Nb3 $5 Rd8
14. d3 $32 {/+/=}) 10. d3 Bxe4 11. dxe4 Ndb4 12. Qa4 Qa5 13. Qd1 $6 ({Li Chao
wants more than an equal endgame after} 13. Qxa5 Nxa5 14. Rd1 O-O 15. e5 Rad8
$11 {, but the text is risky.}) 13... O-O (13... Rd8 $5 {is even more flexible,
after} 14. Bd2 (14. Qb3 Qb5 $1 {[%cal Rc5c4,Rc6a5]}) 14... Bxb2 15. a3 {
apart from transpositional castling, Black has} Nd4 $5 $15 {/-/+}) 14. a3 Na6
$6 {Too hesitant.} (14... Rad8 $142 $1 15. Bd2 (15. Qb3 Qa6 $36 {[%cal Rc5c4,
Rc6a5]}) 15... Bxb2 16. axb4 Qxa1 17. Qxa1 Bxa1 18. Rxa1 cxb4 $36 {[%csl Ga7,
Gb4,Gb7]}) (14... Rfd8 $5 {is similar}) 15. e5 $5 e6 (15... Nxe5 16. Nxe5 Bxe5
17. Qd5 Bf6 18. Qxb7 Nc7 $132) ({Black has not only the above line, but also
the immediate} 15... Nc7 $5 $11) 16. Qc2 Rac8 (16... Nxe5 17. Nxe5 Bxe5 18.
Bxb7 $14 {is a slightly inferior version of the similar 16...Nxe5.}) ({An
interesting try was} 16... Nab4 17. Qc4 Nd5 18. Bd2 Nb6 $1 19. Qc2 Qa6 $132 {/\
} 20. Qxc5 $6 Rac8) 17. Qe4 c4 (17... Qb5 $5 $13) 18. Bd2 Qb5 {One move later
this is already not ideal.} (18... Qc7 19. Qxc4 Nxe5 20. Qxc7 Rxc7 $14 {
/= is pleasant for White, but not more than that.}) ({If Black wanted to avoid
this endgame, he had the more complex} 18... Qa4 $5 $132) 19. a4 Qb3 20. Be3
Qb4 $2 {[%mdl 2048] This is already a direct error, after which White's pieces
will start dominating the position.} ({He had to play} 20... Rfd8 $1 {, here
after} 21. Nd2 Qb4 22. Nxc4 Nc5 {Black activates his Na6 and gets counterplay.}
) 21. Rfc1 Na5 (21... Qxb2 22. Qxc4 $16) (21... Rfd8 22. Rxc4 Qxb2 23. Rb1 Qxe2
24. Rcc1 $1 {[%csl Re2][%cal Yg2f1]} Qd3 (24... Na5 25. Rxc8 Rxc8 26. Bf1 Qa2
27. Rb5 $1 b6 (27... Nc6 28. Rxb7 $40) 28. Rxa5 bxa5 29. Bxa6 $18) 25. Qxd3
Rxd3 26. Rxb7 $16 (26. Nd4 $5)) 22. Bd2 Qb6 23. Bxa5 Qxa5 24. Rxc4 Rxc4 25.
Qxc4 Qc7 $6 ({Missing his last chance; a more resilient way was} 25... Bxe5 $5
26. Qb5 (26. Nxe5 Qxe5 27. Qb5 Nc5 28. a5 Qd6 $14) 26... Bc7 27. Qxb7 Nc5 28.
Qc6 $16 {/+/=}) 26. Qxc7 Nxc7 27. Rd1 $16 {[%csl Ge2,Ge5][%cal Gd1d8] /+-
White's extra P is doubled, but it controls important central squares. All in
all the game is practically decided.} Nd5 (27... Na6 28. Rd7 Nc5 29. Rc7 Nxa4
30. b3 Nb6 31. Rxb7 Rd8 32. Ng5 $1 (32. Rxa7 Nd7 $16 {/+/=}) 32... Rd1+ 33. Bf1
Nd7 34. f4 Bf8 35. b4 $5 $40 {[%csl Ra7,Rf7][%cal Yg5e4,Ye4f2,Yf2d3]}) 28. e4
Nb4 (28... Nb6 29. b3 {[%cal Ra4a5,Rd1d7] /\ a5, Rd7}) 29. Rd7 a5 ({Leko
doesn't even try to hold the Pb7.} 29... Rb8 {is hopeless:} 30. Ng5 Na6 (30...
Bxe5 31. Nxf7 Bxb2 32. Ng5 $18) 31. b4 $1 Nxb4 32. Nxf7 Na6 33. Bf1 Nc5 34. Rc7
Nxe4 35. Bc4 $18) 30. Rxb7 Nc6 31. Rb5 Rb8 32. Rc5 $1 $18 Rb6 33. Bf1 Bf8 34.
Rb5 {White can already swap rooks, as he will retain the Pe5.} Rxb5 35. Bxb5 (
35. axb5 $5 {is roughly equivalent}) 35... Nb4 36. Nd2 Be7 37. Kf1 Bd8 38. Ke2
Kf8 39. f4 h5 40. Nc4 Ke7 41. Kd2 Bc7 42. Kc3 Bd8 43. Kd4 {[%csl Ra5][%cal
Yd4c5] White has time to improve his position, while Black is almost in
zugzwang and can't create any effective counterplay.} 1-0

[Event "Norway Chess 2nd"]
[Site "Stavanger"]
[Date "2014.06.03"]
[Round "1"]
[White "Carlsen, Magnus"]
[Black "Giri, Anish"]
[Result "1/2-1/2"]
[WhiteElo "2881"]
[BlackElo "2752"]
[Annotator "Sumets,A"]
[PlyCount "63"]
[EventDate "2014.06.03"]
[EventType "tourn"]
[EventRounds "9"]
[EventCountry "NOR"]
[EventCategory "21"]
[SourceTitle "CBM 161"]
[Source "ChessBase"]
[SourceDate "2014.07.16"]
[SourceVersion "1"]
[SourceVersionDate "2014.07.16"]
[SourceQuality "1"]

1. c4 c5 2. Nf3 Nf6 3. Nc3 d5 4. cxd5 Nxd5 5. e3 (5. e4 Nb4 6. Bc4 Nd3+ (6...
Be6 $5 {reminds me of an old game Polugaevsky,L-Tal,M:} 7. Bxe6 Nd3+ 8. Kf1
fxe6 9. Ng5 (9. Qb3) 9... Qb6 10. Qe2 $6 c4 11. b3 h6 12. Nf3 Nc6 13. bxc4
O-O-O $44 {Polugaevsky,L (2625)-Tal,M (2615) Riga 1979 0-1 (28)}) 7. Ke2 Nf4+
8. Kf1 Ne6 9. b4 {Up to the moment, this option doesn't give anything to White.
See another classic game Polugaevsky,L-Kortschnoj,V:} (9. Ne5 Nc6 10. Nxc6 bxc6
11. Na4 Nd4 $5 $146 12. Nxc5 g6 13. Nb3 Be6 14. Bxe6 Nxe6 15. Qc2 Bg7 16. Qxc6+
Kf8 17. Qa6 Nd4 18. Nxd4 Bxd4 19. d3 Kg7 $44 {Nakamura,H (2789)-Giri,A (2734)
Wijk aan Zee NED 2014 1/2 (39)}) 9... cxb4 10. Nd5 g6 $1 11. Bb2 Bg7 12. Bxg7
Nxg7 13. Nxb4 (13. Qc1 Nc6 14. d4 Be6 $1 15. h4 Rc8 16. h5 Nxh5 17. Qh6 Nxd4 $6
(17... a6 $1 {with the threat of ...Na5} 18. Re1 Na5 19. Bd3 Bxd5 20. exd5 Qxd5
$17) 18. Nxd4 Rxc4 19. Nxe6 $6 (19. Rxh5 gxh5 20. Nxe6 fxe6 21. Rd1 exd5 22.
Qxh5+ Kf8 23. Qf3+ Kg7 24. Qg4+ $11) 19... fxe6 20. Rxh5 exd5 21. Rxd5 Qb6 $15
{Seirawan,Y (2565)-Peters,J (2445) South Bend 1981 1/2 (29)}) 13... O-O 14. d4
Bg4 15. Ke2 $2 Qd6 16. Qd2 Ne6 $17 {Polugaevsky,L (2635)-Kortschnoj,V (2695)
Buenos Aires 1980 0-1 (41)}) 5... Nxc3 ({In his game against Dmitry Andreikin,
Magnus played a rare line:} 5... g6 6. Bb5+ (6. Qb3 $5 Nxc3 $2 (6... Nc7 $6 7.
Bc4 e6 8. d4 (8. Ne4 $6 b6 $4 (8... Be7 9. d4 cxd4 10. exd4 O-O 11. O-O Nc6
$132) 9. Qc3 $18) 8... cxd4 9. exd4 Bg7 10. O-O O-O 11. Bg5 {White is well on
top}) (6... Nf6 {seems to be the strongest option} 7. d4 cxd4 8. exd4 Bg7 {
with an unexplored position}) 7. Qxc3 f6 8. Qxc5 e5 9. Bb5+ Bd7 10. Qd5 Bxb5
11. Qxb5+ $16 {Malich,B (2470)-Tischbierek,R (2380) Halle 1981 1-0 (41)}) 6...
Bd7 7. Qb3 Nxc3 (7... Nb4 $2 8. Bc4 e6 9. a3 b5 10. Nxb5 N4c6 11. Qd3 (11. Be2
$1 a6 12. Nc3 Bg7 13. O-O O-O 14. Qc2 $18 {White will take c5-pawn soon}) 11...
Na5 12. b3 Nxc4 13. bxc4 Bg7 14. Rb1 O-O 15. Bb2 Bxb5 16. Qxd8 Rxd8 17. cxb5
Bxb2 18. Rxb2 Rd3 19. Ke2 $16 {1/2 (19) Witt,R (2280)-Ernst,S (2440) Amsterdam
2001}) 8. Ne5 (8. Bc4 $1 e6 9. Qxc3 f6 10. O-O $14 {I think that this position
is in the White's favour}) 8... e6 9. bxc3 Bxb5 10. Qxb5+ Nd7 11. Rb1 b6 12. c4
Bd6 $11 {Andreikin,D (2713)-Carlsen,M (2864) Moscow 2013 1/2 (34)}) 6. bxc3 Qc7
$146 {A novelty. Probably Anish Giri didn't want to play 6...g6 due to 7.h4 or
he didn't want to allow Bd3.} (6... g6 7. d4 (7. h4 $5 Bg7 8. h5 Nc6 9. Rb1 Qc7
10. d4 Bd7 11. Bd3 Rd8 12. Qc2 {Svidler,P (2740)-Nepomniachtchi,I (2702)
Nizhny Novgorod 2013 1-0 (66) CBM 157 [Gormally,D]} (12. Ng5 $1 {Gormally,D}))
7... Bg7 8. Bd3 O-O 9. O-O Nd7 10. Ba3 b6 11. Qe2 Bb7 12. Rad1 Qc7 13. e4 e5
14. d5 a6 15. Bb2 b5 16. a4 c4 17. Bc2 Rfe8 $14 {Rodshtein,M (2615)-Gupta,A 
(2470) Yerevan 2007 1/2 (80)}) 7. d4 g6 8. Bb5+ ({Of course, he couldn't play
8.Bd3:} 8. Bd3 $6 cxd4 9. cxd4 $4 (9. Bb5+) 9... Qc3+ $19) 8... Bd7 9. a4 ({
Another option is} 9. Rb1 $5 Bg7 10. O-O O-O) 9... Bg7 10. O-O O-O 11. Ba3 {
It seems that White has a better position due to the strong pressure on the
queenside but after the strong reply...} b6 $1 {...he wasn't able to prove
White's superiority.} 12. dxc5 (12. Qe2 Nc6 13. Rad1 (13. h3 Rfd8 14. Rfd1 Na5
15. dxc5 bxc5 16. Bxd7 Rxd7 17. Rxd7 Qxd7 18. Bxc5 Bxc3) 13... a6 $1 14. Bxa6
Nb8 15. Bb5 Bxb5 16. Qxb5 Qc6 $11) (12. h3 Nc6 13. dxc5 (13. Qe2 {leads to the
same position as after 12.Qe2 Nc6 13.h3})) 12... bxc5 13. Qd5 Bxb5 {A normal
move. However, Giri could have played 13...a6!? with a very complicated
position:} (13... a6 $5 14. Qxa8 (14. Be2 Rc8 15. Qxa8 $2 Bc6 16. Qxc6 Nxc6 $17
) 14... axb5 15. Qd5 (15. axb5 Bxb5 16. Rfd1 Bc6) 15... Bxc3 $44 {It seems to
me that White should give the exchange back and play an equal position} 16.
Rac1 (16. axb5 Bxa1 17. Rxa1 Bxb5 18. Qxc5 Qxc5 19. Bxc5 Nc6 $11) 16... b4 17.
Rxc3 bxc3 18. Qc4 Qa5 19. Rc1 Na6 $11) 14. axb5 (14. Qxa8 $4 Bc6 $19) 14... Nd7
15. Rfd1 ({Black is OK after} 15. Rad1 Rfd8 16. c4 a6 $1 {the point} 17. Qc6
Rac8 18. Qxc7 Rxc7 19. b6 (19. bxa6 Ra8 $11) 19... Rb7 20. Bxc5 Rc8 21. Bxe7
Nxb6 22. c5 Na4 23. Bd6 Nxc5 24. Rc1 Bf8 $11) 15... Rfd8 16. Ng5 e6 $8 17. Qc6
Qxc6 ({He could have played} 17... Rac8 18. Qxc7 Rxc7 19. Rac1 {intending to
play c4} Rb8 $1 20. c4 a6 21. bxa6 Ra8 $11) 18. bxc6 Ne5 19. c7 Rdc8 20. f4 h6
$1 (20... Nc4 $2 21. Rd7 Nb6 22. Rad1 $1 Nxd7 23. Rxd7 $16 {Despite the extra
exchange, Black's position is close to hopeless.}) 21. Ne4 Nc4 22. Rd7 {
Anyway Magnus insists on the exchange sacrifice.} (22. Bxc5 Rxc7 23. Bd4 a5 {
might be dangerous only for White}) 22... Nb6 23. Rad1 Nxd7 24. Rxd7 Bf8 25. c4
({The last chance to continue the game was the move} 25. Bxc5 $1 {In this case
Black had to find a rook sacrifice that leads to a draw.} Bxc5 $1 (25... a5 $6
{leads to a difficult rook endgame.} 26. Bd4 a4 (26... Ba3 $6 27. c4 a4 28. c5
Bb4 29. Nd6 Rf8 30. Nc4 a3 31. Nb6 $18) 27. Nf6+ Kh8 28. Nd5+ Bg7 29. Nb6 a3
30. Nxa8 a2 31. Bxg7+ Kxg7 32. Rd1 Rxa8 33. Ra1 Rc8 34. Rxa2 Rxc7 35. Rc2 $16)
26. Nxc5 Kf8 (26... a5 $2 27. Na4 Kf8 28. Nb6 Ke8 29. Rd2 $16) 27. Na6 Ke8 28.
Rd2 Ke7 {White should hurry up otherwise Black's rooks can be dangerous} 29.
Rb2 (29. Kf2 Re8 30. Rb2 Rac8 31. Rb7 $6 (31. Rd2 $11) 31... Kd6 32. Rxa7 $2 (
32. c4 e5 33. c5+ Kc6 34. Rb8 exf4 35. exf4 Kd7 $15) 32... Ra8 $17) 29... Kd6
30. Rb8 Raxb8 $1 {Black can't wait.} (30... Re8 $2 31. Kf2 f6 32. c4 $16 {
Black hasn't any counterplay and White gradually improves his position.}) 31.
cxb8=Q+ Rxb8 32. Nxb8 {White has an extra knight but he can't win the game.} a5
33. Kf2 Kc7 $1 (33... a4 $4 34. Na6) 34. Na6+ Kb6 $11 35. Nb4 (35. Nb8 Kc7 $11
(35... a4 36. Nd7+ Kb5 37. c4+ Kxc4 38. Nb6+ Kb5 39. Nxa4 Kxa4 40. Kf3 Kb4 41.
Ke4 f6 $11)) 35... axb4 36. cxb4 Kb5 $11) 25... a5 26. Nc3 {The position is
drawish.} (26. Bb2 Bg7 27. Bxg7 Kxg7 28. Nd6 a4 29. Nxc8 Rxc8 30. Kf2 a3 31.
Rd3 Rxc7 32. Rxa3 $11) 26... a4 27. Nb5 (27. Kf2 Re8 $1 28. Nb5 Rac8 $11) 27...
Re8 $1 28. e4 Rac8 29. Na7 (29. Kf2 $6 Re7 {and Black can think about the full
point.}) 29... Ra8 30. Nb5 Rac8 31. Na7 Ra8 32. Nb5 1/2-1/2